=LDR 00000nam 2200000 4500 =001 INLIS000000000035851 =005 20130612141658 =008 ***********************************Ind** =035 ##$$0010-061300000035851 =041 ##$$a Ind =082 ##$$a 745.5 =090 ##$$a 745.5, Pes =100 ##$$a Pesch,Imelda =245 ##$$a Macrame Plus =260 ##$$b Newyork =300 ##$$a 80 hlm, ilus, 30 cm =850 ##$$a NBPNMAT